Presidential Names Quiz Stats

Quiz Updated Jan 20, 2017

Also try: Quite Presidential
Challenge
Share
Tweet
Embed
Score 0/122 Timer 12:00
1 Play Today
Name % Correct
John
94.7%
John
94.7%
John
94.7%
John
94.7%
John
94.7%
George
94.6%
George
94.6%
George
94.6%
John
93.3%
William
88.1%
William
88.1%
William
88.1%
William
88.1%
James
87.8%
James
87.8%
James
87.8%
James
87.8%
James
87.8%
James
87.8%
Barack
83.9%
Franklin
83.8%
Franklin
83.8%
Abraham
83.8%
Adams
83.5%
Adams
83.5%
Washington
82.8%
Obama
82.4%
S.
81.8%
Bush
81.2%
Bush
81.2%
S.
80.9%
Thomas
79.6%
Thomas
79.6%
Roosevelt
79.5%
Roosevelt
79.5%
Jefferson
79.1%
Jefferson
79.1%
Richard
79%
Ronald
78.8%
Donald
78.4%
Lincoln
78.1%
Name % Correct
Theodore
76.5%
Clinton
76.5%
Andrew
75.8%
Andrew
75.8%
Nixon
75.5%
Kennedy
74.6%
Reagan
74%
Johnson
74%
Johnson
74%
Herbert
73.8%
Herbert
73.8%
Dwight
73.5%
Carter
72.6%
Trump
71.8%
Eisenhower
70.8%
Jackson
70.3%
Grant
69.9%
Ulysses
69.9%
Jimmy
69.7%
Ford
69.7%
Harry
69.5%
Hoover
68.5%
Madison
68.4%
Gerald
68.3%
Taft
67.4%
Truman
66.2%
Lyndon
66.1%
Harrison
65.8%
Harrison
65.8%
Monroe
65.7%
Polk
65.4%
Calvin
64.2%
Wilson
64%
Wilson
64%
Woodrow
63.4%
Quincy
63.3%
Coolidge
61.8%
Tyler
61.6%
Henry
61.5%
Grover
60.7%
Taylor
59.6%
Name % Correct
Cleveland
59.6%
Delano
58.5%
McKinley
56.4%
Van Buren
56.3%
Pierce
56.2%
Arthur
55.5%
Martin
55.2%
Benjamin
53.6%
Garfield
53%
Fillmore
52.1%
Zachary
51.6%
Chester
51.6%
Buchanan
51.5%
Millard
50.9%
Walker
50.5%
Walker
50.4%
Fitzgerald
48.7%
Harding
48.4%
Hayes
48%
Howard
47.7%
Rutherford
46.5%
Warren
42.8%
David
41.4%
Baines
41.1%
Hussein
39.5%
Milhous
35.1%
Alan
22.9%
Earl
19.4%
Knox
17.7%
Stephen
16.6%
Abram
16%
Gamaliel
13%
Rudolph
12.6%
Birchard
11.7%
King
10.5%
Hiram
10.3%
Clark
9.6%
Leslie
9.2%
Blythe
7.2%
Lynch
7%

You're not logged in!

Compare scores with friends on all Sporcle quizzes.
Sign Up with Email
OR
Log In

You Might Also Like...

Show Comments

Extras

Top Quizzes Today


Score Distribution

Your Account Isn't Verified!

In order to create a playlist on Sporcle, you need to verify the email address you used during registration. Go to your Sporcle Settings to finish the process.